|
|
|
|
| LEADER |
00000nam0a2200000 4500 |
| 001 |
287879 |
| 005 |
20231102000031.0 |
| 020 |
|
|
|a RU
|b 85-63191
|
| 035 |
|
|
|a (RuTPU)RU\TPU\book\312322
|
| 090 |
|
|
|a 287879
|
| 100 |
|
|
|a 20150319d1985 k y0rusy5003 ca
|
| 101 |
0 |
|
|a rus
|
| 102 |
|
|
|a RU
|
| 105 |
|
|
|a abc z 001zy
|
| 200 |
1 |
|
|a Типы структурных элементов и эволюция земной коры
|e [сборник]
|f К. В. Боголепов
|g Академия наук СССР (АН СССР), Сибирское отделение (СО), Институт геологии и геофизики (ИГиГ) ; отв. ред. А. Л. Яншин , Ч. Б. Борукаев
|
| 210 |
|
|
|a Новосибирск
|c Наука
|d 1985
|
| 215 |
|
|
|a 296 с.
|c ил., карт., 1 л. портр.
|d 22 см
|
| 225 |
1 |
|
|a Труды института геологии и геофизики СО АН СССР
|v Вып. 605
|
| 320 |
|
|
|a Библиогр.: с. 276-288
|
| 320 |
|
|
|a Библиография научных трудов К. В. Боголепова: с. 289-295
|
| 606 |
1 |
|
|a Тектоника
|2 stltpush
|3 (RuTPU)RU\TPU\subj\58770
|9 76521
|
| 610 |
1 |
|
|a дейтероорогенез
|
| 610 |
1 |
|
|a повторное горообразование
|
| 610 |
1 |
|
|a орогенез
|
| 610 |
1 |
|
|a геотектоника
|
| 610 |
1 |
|
|a Сибирь
|
| 610 |
1 |
|
|a Дальний Восток
|
| 610 |
1 |
|
|a тектонические исследования
|
| 610 |
1 |
|
|a Сибирская платформа
|
| 610 |
1 |
|
|a земная кора
|
| 610 |
1 |
|
|a эволюция
|
| 675 |
|
|
|a 551.24
|z rus
|v 4
|
| 700 |
|
1 |
|a Боголепов
|b К. В.
|g Константин Владимирович
|4 070
|
| 702 |
|
1 |
|a Яншин
|b А. Л.
|4 340
|
| 702 |
|
1 |
|a Борукаев
|b Ч. Б.
|4 340
|
| 712 |
0 |
2 |
|a Академия наук СССР (АН СССР)
|b Сибирское отделение (СО)
|b Институт геологии и геофизики (ИГиГ)
|c (Новосибирск)
|2 stltpush
|3 (RuTPU)RU\TPU\col\128
|
| 801 |
|
0 |
|a RU
|b RuMRKP
|c 19950704
|g psbo
|
| 801 |
|
1 |
|a RU
|b 63413507
|c 20150319
|
| 801 |
|
2 |
|a RU
|b 63413507
|c 20180126
|g RCR
|
| 942 |
|
|
|c BK
|